[Event "HUN-chT U18"]
[Site "Miskolc"]
[Date "2009.10.28"]
[Round "4.12"]
[White "Arato, Soma Gergely"]
[Black "Grimm, Daniel"]
[Result "0-1"]
[WhiteElo "1637"]
[BlackElo "1541"]
[PlyCount "84"]
[EventDate "2009.10.26"]
[EventType "team-swiss"]
[EventRounds "8"]
[EventCountry "HUN"]
[SourceTitle "EXT 2016"]
[Source "ChessBase"]
[SourceDate "2015.10.08"]
[SourceVersion "1"]
[SourceVersionDate "2015.10.08"]
[SourceQuality "1"]

1. e4 c5 2. Nf3 Nc6 3. d4 cxd4 4. Nxd4 Nf6 5. Nc3 e5 6. Ndb5 d6 7. Nd5 Nxd5 8. exd5 Nb8 9. c4 Be7 10. Bd3 0-0 11. Qf3 a6 12. Nc3 f5 13. Qe3 Nd7 14. f3 Nc5 15. 0-0 Bd7 16. Bc2 Be8 17. b4 Nd7 18. Bb3 Kh8 19. Kh1 Rc8 20. Bb2 Qb6 21. Qd3 Qxb4 22. Na4 Nc5 23. Nxc5 Qxc5 24. Rfe1 Bg6 25. f4 e4 26. Qc3 Bf6 27. Qc2 Bxb2 28. Qxb2 Kg8 29. Rac1 Qa5 30. Re3 Rc5 31. Rg3 Qc7 32. Qd4 Bh5 33. Rg5 Be2 34. Qb2 Bd3 35. Rg3 b5 36. Qd4 bxc4 37. Bc2 Bxc2 38. Rxc2 g6 39. Rgc3 Qg7 40. Qxg7+ Kxg7 41. Rxc4 Rxd5 42. Ra4 Rd1# 0-1

[Event "HUN-chT U18"]
[Site "Miskolc"]
[Date "2009.10.28"]
[Round "5.16"]
[White "Kantor, Mark"]
[Black "Arato, Soma Gergely"]
[Result "1-0"]
[WhiteElo "1693"]
[BlackElo "1637"]
[PlyCount "69"]
[EventDate "2009.10.26"]
[EventType "team-swiss"]
[EventRounds "8"]
[EventCountry "HUN"]
[SourceTitle "EXT 2016"]
[Source "ChessBase"]
[SourceDate "2015.10.08"]
[SourceVersion "1"]
[SourceVersionDate "2015.10.08"]
[SourceQuality "1"]

1. d4 Nf6 2. c4 g6 3. Nc3 Bg7 4. e4 d6 5. f3 0-0 6. Be3 Nbd7 7. Nge2 e5 8. d5 Nb6 9. Ng3 c6 10. Qd2 Qc7 11. Bh6 cxd5 12. cxd5 Nc4 13. Bxc4 Qxc4 14. Bxg7 Kxg7 15. a4 b6 16. h4 Ba6 17. h5 Qd3 18. Nf5+ Kh8 19. hxg6 Qxd2+ 20. Kxd2 fxg6 21. Nxd6 Rad8 22. Ndb5 Rf7 23. Ke3 Rfd7 24. Rac1 Bb7 25. Ne2 a6 26. Na3 Kg8 27. Nc4 b5 28. axb5 axb5 29. Nxe5 Re8 30. Nxd7 Nxd7 31. Rc7 Bc8 32. Rhc1 Nb6 33. Kf2 Nc4 34. b3 Nd6 35. R1c6 1-0